000 00560nam a2200217Ia 4500
008 200601s9999 xx 000 0 und d
020 _a978-971-27-3415-1
050 _aFIL DS 675.8
050 _b.O23 2018
100 _aOcampo, Ambeth R.
245 0 _aRizal without the overcoat /
245 0 _cAmbeth R. Ocampo.
250 _aNew Edition
260 _aMandaluyong City :
260 _bAnvil Publishing,
260 _c2018
300 _a239 pages :
300 _c22 cm.
650 _aRizal, Jose, 1861-1896.
650 _xRizal, Jose -- Essays.
999 _c363173
_d363173